Ročenka priemyslu SR 2008
Salvato in:
| Natura: | Libro |
|---|---|
| Lingua: | slovacco inglese |
| Pubblicazione: |
Bratislava
Štatistický úrad Slovenskej republiky
2008
|
| Soggetti: | |
| Tags: |
Nessun Tag, puoi essere il primo ad aggiungerne!!
|
MARC
| LEADER | 00000nam$a2200000$$$4500 | ||
|---|---|---|---|
| 001 | 0086457 | ||
| 005 | 20240104120724.2 | ||
| 020 | |a 978-80-89358-01-4 | ||
| 041 | 0 | |a slo | |
| 041 | 0 | |a eng | |
| 044 | |a SK | ||
| 245 | 1 | 0 | |a Ročenka priemyslu SR 2008 |
| 264 | 1 | |a Bratislava |b Štatistický úrad Slovenskej republiky |c 2008 | |
| 300 | |a 144 s. | ||
| 610 | 2 | 0 | |a priemysel |
| 610 | 2 | 0 | |a podnik priemyselný |
| 610 | 2 | 0 | |a práca |
| 610 | 2 | 0 | |a tržby |
| 610 | 2 | 0 | |a financie |
| 610 | 2 | 0 | |a závody |
| 610 | 2 | 0 | |a obrat hrubý |
| 610 | 2 | 0 | |a medzispotreba |
| 610 | 2 | 0 | |a výrobky |
| 610 | 2 | 0 | |a kraje |
| 610 | 2 | 0 | |a Slovensko |